000 00556nam a2200193Ia 4500
008 131103s9999 xx 000 0 und d
040 _aLoreto College
041 _aEnglish
082 _a891.431/RAI-SIN
_bLCLIB/33036
100 _aSingh,N.
245 _aSant Kavi Raidass
_bMulyankan or praday
_cN.Singh
260 _aKhatouli
_bPukraj Prakashan
_c1993
300 _a67 p.
_c 18 cm.
630 _aRaidass - Criticism
650 _aRaidass
651 _aHindi Poetry - Criticism and interpretation
850 _aLCLIB/891.431/RAI-SIN
942 _cBK
999 _c18606
_d69085